000 00528nam a2200157 i 4500
001 39319
003 ES-MaACL
005 20230906155939.0
007 t|
008 030227s1955 sp ||||1| spa d
100 1 _aCalle Iturrino, Esteban.
_933706
245 1 0 _aDel Nervión al Hudson
_b: crónicas del viaje a Cuba y a Estados Unidos a bordo del "Guadalupe", Bilbao 1954-1955 /
_cE. Calle Iturrino.
260 _aBilbao :
_bEl Noticiero Bilbaino,
_c1955.
300 _a202 p. ;
_c21 cm.
852 _aES-MaACL
_jC-9980
_bR.37784
999 _c39319
_d39319